000 01375nam a2200349 a 4500
001 ebr10265982
003 CaPaEBR
006 m u
007 cr cn|||||||||
008 071003s2007 ilu sb 001 0 eng
010 _z 2007041143
015 _aGBA768350
_2bnb
016 7 _z013828576
_2Uk
020 _z9780226804743 (cloth : alk. paper)
020 _z0226804747 (cloth : alk. paper)
040 _aCaPaEBR
_cCaPaEBR
035 _a(OCoLC)646784262
043 _an-us---
050 1 4 _aBR516
_b.T58 2007eb
082 0 4 _a261.70973
_222
100 1 _aTipton, Steven M.
245 1 0 _aPublic pulpits
_h[electronic resource] :
_bMethodists and mainline churches in the moral argument of public life /
_cSteven M. Tipton.
260 _aChicago :
_bUniversity of Chicago Press,
_c2007.
300 _axvi, 556 p.
504 _aIncludes bibliographical references (p. [533]-545) and index.
533 _aElectronic reproduction.
_bPalo Alto, Calif. :
_cebrary,
_d2013.
_nAvailable via World Wide Web.
_nAccess may be limited to ebrary affiliated libraries.
610 2 0 _aMethodist Church (U.S.)
650 0 _aChristianity and politics
_zUnited States.
655 7 _aElectronic books.
_2local
710 2 _aebrary, Inc.
856 4 0 _uhttp://site.ebrary.com/lib/rucke/Doc?id=10265982
_zAn electronic book accessible through the World Wide Web; click to view
999 _c25535
_d25535